000 00569nam a22001817a 4500
005 20251108171806.0
008 250721s1995 xx 000 0 ara d
082 1 4 _a400/مصط
100 1 _aناصف، مصطفى
245 1 0 _aاللغة و التفسير و التواصل /
264 1 _aالكويت :
_bالمجلس الوطني للثقافة و الفنون و الآداب،
_c1995.
300 _a360ص
490 0 _aعالم المعرفة ؛ 193
650 1 7 _aاللغات
650 1 7 _aاللغة العربية
942 _2ddc
_cBK
999 _c62643
_d62643